|
|
แสดงรายละเอียดบรรณานุกรม |
|
|
Brief Record
: Get Marc (ISO 2709)
: E-mail record
: |
| LEADER 00000nama 2200000uu 4500 | |||
| 008 040531s2546 th m m a000 0 tha d | |||
| 020 974-296-174-3 | |||
| 041 tha | |||
| 050 WM100 ว377ก | |||
| 100 วัชนี หัตถพนม | |||
| 245 การบริการสุขภาพจิตรชุมชน:การส่งเสริม ป้องกันปัญหาสุขภาพจิต 001 | |||
| 260 ขอนแก่น โรงพิมพ์พระธรรมขันต์ 2546 | |||
| 300 126 หน้า | |||
| 650 สุขภาพจิตชุมชน - การป้องกันและควบคุม | |||
| 998 2003-03-26 | |||
| คุณยังไม่ได้ล็อกอิน คุณสามารถมีกิจกรรมร่วมกับเว็บไซต์ได้ แต่ต้องล็อกอินก่อน :: |
|
| สถานะ | |||||||||
| 1. | หนังสือทั่วไป | WM100 ว377ก 2546 | On Shelf ขอยืม | ||||||
| [แสดง 1/1 รายการ] | |||||||||
BibComment |
| คอมเมนท์ทรัพยากรรายการนี้ |
|
|